00741nam a2200217Ia 4500008004100000245001500041245005400056260005900110260000900169300002000178300002100198300001400219440003000233650001600263650002000279650006000299650002500359650003300384999001900417952008700436160319s9999 xx 000 0 und d aDivision / cJordan Publishing & Jordan Music Productions Inc. bSara Jordan Publishing & Jordan Music Productions Inc. c2005 a1 audio disc :  bsound., color ;  c4 3/4 in. aSing, count & learn math. aDivision -- aMathematics --  aMathematics -- Study and teaching -- Audio-visual aids. xJuvenile literature. xStudy and teaching (Primary) c292438d292438 001040aSSISBbSSISBd2016-03-19l0pAV-041r2016-03-19 00:00:00w2016-03-19yAVM